00632cam a2200217 i 450000500170000000800410001702000180005804100080007608200190008424500680010325000120017126000380018330000160022165000310023765000240026865000450029270000170033770000210035470000200037570000190039520240120125557.0200526s2020 enka b 001 0 eng  a9780128184226 aeng00a571.538bLAN/P00aPrinciples of Tissue Engineering / Ed.bRobert Lanza...[et al.] a5th Ed. aLondon :bAcademic Pressc©2020. axli, 1635p. 0aAnimal cell biotechnology. 0aTissue engineering. 0aTransplantation of organs, tissues, etc.1 aLanza, R. P.1 aLanger, Robert S1 aVacanti, Joseph1 aAtala, Anthony